00951nam a2200265Ia 4500003000400000005001700004008004100021020001800062040001800080041000800098082001700106100003200123245007100155250001200226260004600238300003000284650004700314650003700361650003800398650003500436700002800471942002500499999001900524952014200543OSt20251104085633.0210716s2020 xx 000 0 und d a9788126524938 cAIMIT LIBRARY aeng a005.76bMUEJ aMueller, John Paul.9243626 aPython for data science /cBy John Paul Mueller and Luca Massaron. a2nd ed. aNew Delhi :bWiley India Pvt Ltd ,c2020. axvi,467 p.;bPBc24.5 cm. aGetting your hands dirty with data9243627 aWranglizing information 9243628 aWorking with google colab9243634 aWorking with real data9243635 aMassaron, Luca.9243629 2ddccBKk005.76 MUEJ c197154d197154 001040708MCAaAIMITbAIMITeKnowledge Worldg699.00l2o005.76 MUEJpMCA16669r2026-05-23 00:00:00s2024-04-20v524.25w2021-07-16yBK